00157 a2200073 45000010005000001000017000052450045000222600016000673438 aVillard, H S aLibya : the new arab kingdom of n africa abCornellc